Libro tercero /

Guardado en:
Bibliografiske detaljer
Hovedforfatter: Bancroft, Hubert Howe (compilación)
Format: Bog
Sprog:spansk
Fag:
Tags: Tilføj Tag
Ingen Tags, Vær først til at tagge denne postø!

MARC

LEADER 00000nam^a2200000^a^4500
001 000364349
005 20250526000000.0
009 20260310115614.348
037 |a Acervo Xavier Clavigero 
041 |a ESP 
082 |a 868.  |b BAN 
100 |a Bancroft, Hubert Howe  |e (compilación) 
245 1 0 |a Libro tercero /  |c Comp. de H.H. Bancroft. 
264 |a San Francisco, EUA :  |b The History Company ;  |a México :  |b La Compañía Historia de México,  |c 1887, c1887 
300 |a 160 p. ;  |c 18.5 cm. 
336 |a texto  |b txt  |2 rdacontenido 
337 |a sin mediación  |b n  |2 rdamedio 
338 |a volumen  |b nc  |2 rdasoporte 
545 0 |a Hubert Howe Bancroft (1832-1918) fue un historiador, hispanista y bibliógrafo norteamericano, que se dedicó a la recopilación de material relacionado con la historia del centro y norte de América. Con solamente un año cursado en la academia, Bancroft decidió trabajar para su cuñado en su librería en Buffalo, Nueva York, lo cual le permitió establecer una sucursal en San Francisco y así internarse en la producción editorial. Sin estudios pero si con un gran entusiasmo por la historia en 1868 decide dejar el negocio de la venta de libros por la escritura. Con la ayuda de varios colaboradores y con todo el material recopilado en la tienda, Bancroft se enfrasca en una tarea por publicar la historia de toda la costa oeste de América del Norte; desde Centro América hasta Alaska, en una obra dividida en 39 volúmenes. Aunque recibió diversas críticas de expertos como Lewis H. Morgan, la obra de Bancroft fue bien recibida en su momento. 
561 |a Ex libris de Escuela del Estado para Niñas 
649 |a XX 
650 |a Literatura Española -  |y Siglo XIX 
650 |a Literatura Mexicana -  |y Siglo XIX 
650 |a Literatura en Español 
910 |a Fondo General 
920 |a Impresos - Libros 
930 |a Libros Antiguos y Raros 
940 |a Literatura 
905 |a 108 
901 |a 0500257757  |b IT2  |c LRA  |u 20250526 
902 |a https://opac.biblio.iteso.mx/vufind/Record/000364349